| 000 | 00930 a2200313 4500 | ||
|---|---|---|---|
| 001 | 63502 | ||
| 999 |
_c63502 _d16520 |
||
| 003 | TR-AnTOB | ||
| 005 | 20190408214303.0 | ||
| 008 | 020326s2002 oru 000 0 eng | ||
| 010 | _a2002104439 | ||
| 020 | _a0970720637 | ||
| 035 | _a(DLC) 2002104439 | ||
| 040 |
_aDLC _cDLC |
||
| 041 | _aeng | ||
| 042 | _apcc | ||
| 050 | 0 |
_aHC462.95 _b.W35 2002 |
|
| 090 | _aHC462.95 .W35 2002 | ||
| 100 |
_aWang, T. H _935877 |
||
| 245 | 4 |
_aThe economic gang : _bone man`s experiences fighting japan, inc. / _cT.H. Wang ... [et al.]. |
|
| 250 | _a1st ed. | ||
| 263 | _a0205 | ||
| 264 | 1 |
_aSublimity, OR : _bFirelight Publishing, _c2002. |
|
| 300 |
_ap. _ccm. |
||
| 906 |
_bibc _corignew _d2 _eepcn _f20 _gy-gencatlg |
||
| 925 | 0 |
_aacquire _b2 shelf copies _xpolicy default |
|
| 963 |
_aMark Anderson ; phone (503) 767-0444 ; fax (503) 769-8980 ; email editor _firelightpublishing.com |
||
| 942 | _cBK | ||